| 000 | 00000nas 2200000zi 4500 |
| 001 | 9.500575 |
| 003 | CaOODSP |
| 005 | 20241127111211 |
| 006 | m o d f |
| 007 | cr ||||||||||| |
| 008 | 150406d20022020qucqx pso||||f0 a0eng|d |
| 022 | |a1910-9733 |
| 040 | |aCaOODSP|beng|erda|cCaOODSP |
| 041 | |aeng|afre |
| 043 | |an-cn--- |
| 086 | 1 |aCH2-3-PDF |
| 130 | 0 |aCanadian diversity (Online) |
| 222 | 0|aCanaian diversity |b(Online) |
| 245 | 10|aCanadian diversity = |bDiversité canadienne. |
| 246 | 31|aDiversité canadienne |
| 264 | 1|aMontréal : |bAssociation for Canadian Studies = Association d'études canadiennes, |c2002- |
| 310 | |aQuarterly (irregular) |
| 336 | |atext|btxt|2rdacontent |
| 337 | |acomputer|bc|2rdamedia |
| 338 | |aonline resource|bcr|2rdacarrier |
| 362 | 1 |aBegan with : Volume 1, no. 1, Summer 2002 ; ceased with : Volume 17, no. 4, 2020? |
| 500 | |a"Canadian Diversity is a bilingual publication. All materials prepared by the ACS is published in both French and English. All other texts are published in their language of origin."--Page [2]. |
| 500 | |aEach issue also has a distinctive title. |
| 520 | 3 |aContains articles that examine citizenship, ethnicity, national identity, and other issues related to diversity, mostly within a Canadian context. Most contributors are academics from across Canada. Often includes interviews with Canadian politicians responsible for diversity issues. |
| 546 | |aIncludes some text in French. |
| 650 | 0|aMulticulturalism|zCanada|vPeriodicals. |
| 650 | 0|aCultural pluralism|zCanada|vPeriodicals. |
| 655 | 7|aPeriodicals|2lcgft |
| 710 | 1 |aCanada. |bCanadian Heritage, |eissuing body. |
| 710 | 2 |aAssociation for Canadian Studies, |eissuing body. |
| 776 | 0#|tDiversité canadienne / |w(CaOODSP)9.511149 |
| 788 | |tCanadian diversity = |efre|w(CaOODSP)9.500576 |